Films avec Léa Seydoux par image - Statistiques

Statistiques générales
  • Ce quiz a été pris 69 fois
  • Le résultat moyen est 5 sur 16
Statistiques - réponses
Par images Réponse % Correct
La Vie d'Adèle : Chapitres 1 et 2
93%
007 Spectre
83%
Dune, deuxième partie
53%
Saint Laurent
53%
La Belle et la Bête
40%
The Grand Budapest Hotel
37%
Juste la fin du monde
27%
Le Deuxième Acte
25%
Mission impossible : Protocole Fantôme
18%
The Lobster
18%
Journal d'une femme de chambre
13%
La Belle Personne
13%
Robin des Bois
12%
Roubaix, une lumière
12%
Les Adieux à la reine
10%
Inglourious Basterds
5%
Aucun quiz correspondant
Distribution des résultats
% des personnes avec chaque résultat
Percentile par nombre de réponses
Votre historique - résultats
Vous n’avez pas pris ce quiz